|
|
|
|
| LEADER |
00000cam a2200000 a 4500 |
| 001 |
vtls001063250 |
| 003 |
SK-MaSNL |
| 005 |
20260301000126.0 |
| 008 |
240509s1990 xo gr 000 ddslo |
| 015 |
|
|
|a SNBA1990/09
|
| 020 |
|
|
|a 8021900512
|q (brožované)
|
| 035 |
|
|
|a SNK000006079
|
| 035 |
|
|
|a urn:nbn:sk:snk-amlgs3
|
| 035 |
|
|
|a urn:nbn:sk:snk-am00bpsm
|
| 035 |
|
|
|a 8800E6A5-7727-47B3-9185-08DB6F6213AC
|
| 040 |
|
|
|a SNK
|b slo
|c SNK
|e AACR2
|
| 041 |
1 |
|
|a slo
|h ita
|
| 044 |
|
|
|a xo
|c SK
|
| 072 |
|
7 |
|a 821.131.1-3
|x Talianska próza
|2 konspekt
|
| 072 |
|
7 |
|a 792
|x Divadlo. Divadelné predstavenia
|2 konspekt
|
| 080 |
|
|
|a 821.131.1-2
|2 2001
|
| 080 |
|
|
|a (0:82-2)
|2 2011
|
| 100 |
1 |
|
|a Fo, Dario,
|d 1926-2016
|4 aut
|9 53102
|
| 240 |
1 |
0 |
|a Mistero buffo
|l Slovensky
|
| 245 |
1 |
0 |
|a Buffonáda zázrakov
|c Dario Fo ; preložil Blahoslav Hečko
|
| 260 |
|
|
|a Bratislava
|b Lita
|c 1990
|
| 300 |
|
|
|a 85 strán
|c 30 cm
|
| 500 |
|
|
|a Obsahuje biografické údaje o autorovi
|
| 655 |
|
7 |
|a divadelné hry
|2 SNKPH
|9 70577
|
| 655 |
|
7 |
|a talianske drámy
|2 SNKPH
|9 70799
|
| 700 |
1 |
|
|a Hečko, Blahoslav,
|d 1915-2002
|4 trl
|9 105189
|
| 852 |
|
|
|a Slovenská národná knižnica
|
| 919 |
|
|
|a 80-219-0051-2
|
| 954 |
|
|
|a beletria cudzojazyčná (svetová)
|2 lita
|
| 958 |
|
|
|a EUIPO
|
| 958 |
|
|
|a RK
|
| 958 |
|
|
|a TL
|
| 958 |
|
|
|a LX
|
| 958 |
|
|
|a OND
|
| 958 |
|
|
|a UP
|
| 999 |
|
|
|c 532013
|d 533943
|
| 952 |
|
|
|a SNK
|b SNK
|y PREZ
|7 0
|p 17A0091489
|o snkSB 47383 D1
|i snkKSP 9147/90
|0 0
|1 0
|4 0
|d 1997-09-02
|l 0
|r 2004-12-31 00:00:00
|w 2026-02-23
|
| 952 |
|
|
|a SNK
|b SNK
|y PREZ
|7 0
|p 17A0873370
|o snkSB 47383
|i snkKSP 9146/90
|0 0
|1 0
|4 0
|d 2012-07-10
|f 1
|l 0
|r 2025-02-07 00:00:00
|w 2026-02-23
|